000 01247nam a22002777a 4500
003 OSt
005 20260424100809.0
008 260424b |||||||| |||| 00| 0 eng d
040 _aNUST
_beng
_cNUST
_dNUST
_erda
050 _aQC467 MUN
100 _aMunsaka, Proficiency
_eauthor
245 _aSimulation of mid infrared supercontinuum generation in silicon germanium photonic waveguide for gas absorption spectroscopy /
_cProficiency Munsaka.
260 _aBulawayo, Zimbabwe :
_bNational University of Science and Technology.
_c©2023.
300 _axv, 165 pages :
_billustrations ;
_c30 cm.
336 _2rdacontent
_atext
_btxt
337 _2rdamedia
_aunmediated
_bn
338 _2rdacarrier
_avolume
_bnc
500 _aA thesis submitted in fulfilment of the requirements for the degree of Master of Philosophy in lasers and applied optics.
501 _00Theses (MSc in Lasers and applied optics) National University of Science and Technology, 2023.
504 _aIncludes bibliographical references.
650 _aSupercontinuum generation.
650 _aSilicon germanium photonic waveguides.
650 _aInfrared optics.
700 _aDr. Baricholo Peter
_esupervisor
942 _2lcc
_cREF
_hQC467 MUN
_kQC
_mMUN
_n0
999 _c172780
_d172780